000 00359nam a2200145 i 4500
001 bg
245 0 _aThe Mathematics of Finite Elements and Applications...
260 _aLondon :
_bAcademic Press,
_c1973.
020 _a0127472509
040 _cBPK
041 _apol
920 _a0-12-747250-9
942 _cKS
008 s pl f |000 0 pol
999 _c15857
_d15857
856 _uhttp://koha.tu.koszalin.pl/cgi-bin/koha/opac-detail.pl?biblionumber=15857
_yKatalog online BPK